La casa de mapuhi y otros cuentos / (Registro nro. 3765)

Detalles MARC
000 -LEADER
fixed length control field 01271nam a2200301Ia 4500
003 - CONTROL NUMBER IDENTIFIER
control field OSt
005 - DATE AND TIME OF LATEST TRANSACTION
control field 20250808123131.0
008 - FIXED-LENGTH DATA ELEMENTS--GENERAL INFORMATION
fixed length control field 191128s2007 ck er 000 j spa d
020 ## - INTERNATIONAL STANDARD BOOK NUMBER
International Standard Book Number 9789588232522
040 ## - CATALOGING SOURCE
Original cataloging agency CO-JMCR
Transcribing agency CO-JMCR
041 0# - LANGUAGE CODE
Language code of text/sound track or separate title spa
082 04 - DEWEY DECIMAL CLASSIFICATION NUMBER
Classification number C
Item number LONc
Edition number 23
100 1# - MAIN ENTRY--PERSONAL NAME
Personal name London, Jack,
Relator term autor
9 (RLIN) 40593
245 13 - TITLE STATEMENT
Title La casa de mapuhi y otros cuentos /
Statement of responsibility, etc. Jack London ; traducción Roberto Rubiano Vargas
260 ## - PUBLICATION, DISTRIBUTION, ETC.
Place of publication, distribution, etc. Bogotá :
Name of publisher, distributor, etc. Alcaldía Mayor de Bogotá : Secretaría Distrital de Cultura Recreación y Deporte,
Date of publication, distribution, etc. 2007
300 ## - PHYSICAL DESCRIPTION
Extent 121 páginas ;
Dimensions 17 cm.
490 0# - SERIES STATEMENT
Series statement Libro al viento ;
Volume/sequential designation 14
505 0# - FORMATTED CONTENTS NOTE
Formatted contents note Un buen bistec -- Encender un fuego -- La casa de Mapuhi
520 ## - SUMMARY, ETC.
Summary, etc. Los tres cuentos que presentamos resumen todas sus inquietudes estéticas y humanas: el boxeador muerto de hambre, clásico antihéroe urbano; el descuidado buscador de oro en Alaska que intenta enfrentar la muerte con dignidad.
546 ## - LANGUAGE NOTE
Language note spa
650 14 - SUBJECT ADDED ENTRY--TOPICAL TERM
Topical term or geographic name entry element Cuentos estadounidenses
9 (RLIN) 767
650 24 - SUBJECT ADDED ENTRY--TOPICAL TERM
Topical term or geographic name entry element Literatura estadounidense
9 (RLIN) 40594
650 24 - SUBJECT ADDED ENTRY--TOPICAL TERM
Topical term or geographic name entry element Aventuras en la literatura
9 (RLIN) 40595
650 24 - SUBJECT ADDED ENTRY--TOPICAL TERM
Topical term or geographic name entry element Historias de aventuras
9 (RLIN) 40596
700 1# - ADDED ENTRY--PERSONAL NAME
Personal name Rubiano Vargas, Roberto,
Relator term traductor
9 (RLIN) 40597
799 ## - LOCAL ADDED ENTRY--UNIFORM TITLE (RLIN)
Uniform title Rubiano Vargas, Roberto, traductor
942 ## - ADDED ENTRY ELEMENTS (KOHA)
Source of classification or shelving scheme Dewey Decimal Classification
Koha item type Books
Existencias
Withdrawn status Lost status Materials specified (bound volume or other part) Damaged status Not for loan Collection code Home library Current library Date acquired Total Checkouts Full call number Barcode Date last seen Date last checked out Copy number Price effective from Koha item type Source of classification or shelving scheme Source of acquisition
    Donación--04/07/2018--       Biblioteca Pública José María del Castillo y Rada Biblioteca Pública José María del Castillo y Rada 11/28/2019 1 C LONca 201808071 08/13/2025 08/12/2025 Ej.1 11/28/2019 Books    
          Fiction Biblioteca Pública José María del Castillo y Rada Biblioteca Pública José María del Castillo y Rada 08/04/2021 1 C LONc 201811059 04/01/2024 04/01/2024 Ej.2 09/17/2021 Books Dewey Decimal Classification Donación